000 00298 a2200145 4500
001 169181
020 _a
040 _cMagnum
100 _aPennink, Betsy
240 1 0 _aThis is new york
_lING
245 1 0 _aThis is new york
362 0 _a1899
697 _aLITERATURA ESTRANGEIRA
942 _cBK
999 _c169181
_d169181